|
|
|
|
| LEADER |
01263nam a2200361 a 4500 |
| 001 |
39928 |
| 003 |
BD-DhAAL |
| 008 |
221101t1997 ii 000 1 eng d |
| 999 |
|
|
|c 44820
|d 44820
|
| 010 |
|
|
|a 98905071
|
| 020 |
|
|
|a 0140268529
|
| 020 |
|
|
|a 9780140268522
|
| 025 |
|
|
|a I-E-98-905071; 25
|
| 037 |
|
|
|b Library of Congress -- New Delhi Field Office
|c Rs295.00
|
| 040 |
|
|
|a DLC
|c DLC
|d BD-DhAAL
|
| 041 |
1 |
|
|a eng
|h ben
|
| 042 |
|
|
|a lcode
|
| 050 |
0 |
0 |
|a PK1730.22.A54
|b S4313 1997
|
| 082 |
|
|
|a 891.44371
|2 23
|
| 100 |
1 |
|
|a Gangopadhyay, Sunil.
|9 52120
|
| 240 |
1 |
0 |
|a Sei samay.
|l English
|
| 245 |
1 |
0 |
|a Those days /
|c Sunil Gangopadhyay ; translated by Aruna Chakravarti.
|
| 260 |
|
|
|a New Delhi ;
|a New York, NY, USA :
|b Penguin Books,
|c 1997.
|
| 300 |
|
|
|a xi, 588 pages ;
|c 21 cm.
|
| 500 |
|
|
|a Novel.
|
| 526 |
|
|
|a GenEd
|
| 541 |
|
|
|a Paragon Enterprises LTD.
|e 39928
|
| 650 |
|
|
|a Bengali literature.
|9 52121
|
| 651 |
|
0 |
|a India
|x Fiction.
|9 52122
|
| 700 |
1 |
|
|a Chakravarti, Aruna,
|d 1939-
|9 52123
|
| 852 |
|
|
|a Ayesha Abed Library
|c General Stacks
|
| 942 |
|
|
|2 ddc
|c BK
|
| 952 |
|
|
|0 0
|1 0
|2 ddc
|4 0
|6 891_443710000000000_GAN
|7 0
|9 72159
|a SCL
|b SCL
|c GEN
|d 2022-10-24
|e Paragon Enterprises LTD
|g 880.00
|l 0
|o 891.44371 GAN
|p 3020039928
|r 2022-10-24
|t 1
|v 880.00
|w 2022-10-24
|y BK
|